| 000 | 00868nam0a22002411 4500 | ||
|---|---|---|---|
| 001 | rc\2700693 | ||
| 005 | 20250623170046.0 | ||
| 035 | _a(NLR Aleph) 006828825 | ||
| 090 |
_a6522754 _c6522754 |
||
| 100 | _a20110915d1934 |||y0rusy50 ca | ||
| 101 | 0 | _arus | |
| 102 | _aRU | ||
| 105 | _ay z ||||| | ||
| 200 | 1 |
_aОвладеть высотами культуры _eДоклад т. Лещинера на X пленуме ЦК ВЛКСМ от культ.-масс. работе главным образом в деревне _fЕ. Лещинер |
|
| 210 |
_a[Москва] _cМол. гвардия _d1934 _gтип. им. Сталина |
||
| 215 |
_aОбл., 45, [2] с. _d18х13 см. |
||
| 700 | 1 |
_aЛещинер _bЕ. _gЕфим |
|
| 801 | 0 |
_aRU _bNLR _gpsbo |
|
| 801 | 1 |
_aRU _bELAR _2rusmarc |
|
| 852 |
_aNLR _j34-9/6386 |
||
| 942 | _cBOOK | ||
| 980 | _aNB | ||